00623nam a2200217Ia 4500003000900000008004100009040001300050040001300063041000800076100002400084245001100108250001100119260003400130260000900164300001100173300001000184490000600194942000700200999001700207952018100224IT-RoPAU120407s9999 xx 000 0 und d aIT-RoPAU cIT-RoPAU aita aFrancesco Spadafora aPilato aRovigo aIstituto Padano Arti Grafiche c1973 a215 p. c22 cm v1 cBK c28963d28963 00102ddc406226_51000000000000071aPAULUSbPAULUSd2012-04-11l0o226.51r2012-04-11 00:00:00w2012-04-11yBKzInserito da: In data: n.d. fondo: Via A.Severo 56 Progr:29206